América Latina: ensayos de interpretación económica

Guardat en:
Dades bibliogràfiques
Autor principal: Bianchi, Andrés
Altres autors: Prebisch, Raúl, Castro, Antonio B. de, Furtado, Celso, Conceinçao Tavares, Maria da, Pinto, Aníbal, Sunkel, Osvaldo
Format: Llibre
Idioma:espanyol
Publicat: Santiago Universitaria 1969
Col·lecció:Tiempo Latinoamericano
Matèries:
Etiquetes: Afegir etiqueta
Sense etiquetes, Sigues el primer a etiquetar aquest registre!

MARC

LEADER 00000nam a2200000 a 4500
001 UCR9523
003 CL-VaPUC
005 20211218074431.0
008 980613e19690000CL |||||||||||||||||spa|d
999 |c 270712  |d 270710 
040 |c Pontificia Universidad Católica de Valparaíso 
082 0 4 |a 338.98 BIA 1969  |2 21 
100 0 |a Bianchi, Andrés  |9 412134 
245 1 0 |a América Latina: ensayos de interpretación económica 
260 |a Santiago  |b Universitaria  |c 1969 
300 |a 277 páginas 
490 0 |a Tiempo Latinoamericano 
583 |a last modification  |c 19980613 00:00:00  |k Rodrigo Vera 
650 0 |a Países en desarrollo  |9 259663 
650 0 |a Desarrollo económico y social   |9 256320 
650 0 |a Crecimiento económico   |9 314037 
650 0 |a Condiciones económicas  |9 258255 
650 7 |a COMERCIO INTERNACIONAL  |2 CL-VaPUC  |9 412140 
650 7 |a IMPORTACIONES  |2 CL-VaPUC  |9 359079 
650 0 |a Desarrollo científico  |9 259799 
650 7 |a POLITICA DE DESARROLLO  |2 CL-VaPUC  |9 335853 
700 0 |a Prebisch, Raúl  |9 313113 
700 0 |a Castro, Antonio B. de  |9 412135 
700 0 |a Furtado, Celso  |9 412136 
700 0 |a Conceinçao Tavares, Maria da  |9 412137 
700 0 |a Pinto, Aníbal  |9 412138 
700 0 |a Sunkel, Osvaldo  |9 412139 
942 |c BK  |2 ddc 
945 |d 19980613 00:00:00  |a crobeson 
952 |0 0  |1 0  |2 ddc  |4 0  |6 338_980000000000000_BIA_1969  |7 0  |8 P  |9 305103  |a BIBENE  |b BIBENE  |d 2019-11-20  |i 1417312  |o 338.98 BIA 1969  |p 1417312  |r 2025-01-15  |t 1  |w 2019-11-20  |y BK  |k ICO 
952 |0 0  |1 0  |2 ddc  |4 0  |6 338_980000000000000_BIA_1969  |7 0  |8 P  |9 305104  |a BIBGIM  |b BIBGIM  |d 2019-11-20  |i 4077148  |l 1  |o 338.98 BIA 1969  |p 4077148  |r 2025-01-15  |s 2023-10-04  |t 2  |w 2019-11-20  |y BK  |k GIM